Glas

Wedi'i Gadw mewn:
Manylion Llyfryddiaeth
Prif Awdur: Derrida, Jacques
Fformat: Anhysbys
Iaith:Saesneg
Cyhoeddwyd: Paris, France. Éditions Galilée, 1974
Pynciau:
Tagiau: Ychwanegu Tag
Dim Tagiau, Byddwch y cyntaf i dagio'r cofnod hwn!

MARC

LEADER 00000 a2200000 4500
003 CL-VaPUC
005 20230421074441.0
008 210331b ||||| |||| 00| 0 eng d
999 |c 432500  |d 432498 
020 |a 978-2718600154 
040 |c Pontificia Universidad Católica de Valparaíso 
082 |a 193 DER 1974 
100 |a Derrida, Jacques   |9 859334 
245 |a Glas 
260 |a Paris, France.  |b Éditions Galilée,  |c 1974 
300 |a 291 páginas  
583 |k Cristina Rojas  |c 20210401 
600 0 |a Hegel, Georg Wilhelm Friedrich  |d 1770-1831  |9 860268 
650 |a Escritura experimental en francés  |x Textos  |y 1945  |9 860420 
650 0 |a Filosofía alemana   |9 265002 
942 |2 ddc  |c BK 
952 |0 0  |1 0  |2 ddc  |4 0  |6 193_000000000000000_DER_1974  |7 0  |8 A  |9 577733  |a BIBEDU  |b BIBEDU  |d 2021-03-31  |e 1  |g 66595.00  |i 5582741  |o 193 DER 1974  |p 5582741  |r 2021-03-31  |t 1  |v 66595.00  |w 2021-03-31  |y BK  |k FIL